Ubytovacie služby pre študentov vysokých škôl

Poskytnutie prehľadu o stave internátneho ubytovania, identifikovanie kľúčových zmien a vývojových trendov.

Guardado en:
Detalles Bibliográficos
Autor principal: Pažítková, Denisa
Formato: Capítulo de libro
Lenguaje:eslovaco
Materias:
Etiquetas: Agregar Etiqueta
Sin Etiquetas, Sea el primero en etiquetar este registro!

MARC

LEADER 00000naa a2200000 4500
001 0306095
005 20250113102211.6
041 0 |a slo 
044 |a SK 
245 1 0 |a Ubytovacie služby pre študentov vysokých škôl  |c Denisa Pažítková 
520 |a Poskytnutie prehľadu o stave internátneho ubytovania, identifikovanie kľúčových zmien a vývojových trendov. 
610 2 0 |a služby 
610 2 0 |a ubytovanie 
610 2 0 |a internáty školské 
610 2 0 |a vysokoškoláci 
100 1 |a Pažítková, Denisa